000 00631nam a22002177a 4500
008 150330b xxu||||| |||| 00| 0 eng d
020 _a9780071633383
041 0 _aeng
080 _a004
100 _aCapachietti, Leslie.
245 1 0 _aQuickBooks 2010 :
_cLeslie Capachietti.
246 3 8 _aQuickBooks 2010 :
_bfinancial software
260 _aNew York :
_bMcGraw-Hill,
_c2010.
300 _a574 f.:
_bme il.;
_c24 cm.
505 _aIndex: f.547-574
650 0 _aKompjuterët
650 0 _aProgram
650 0 _aBiznesi i vogël
650 0 _aKontabilitet
942 _2udc
_cBK
999 _c608
_d608